000 00583nam a2200169 i 4500
001 129483
003 ES-MaACL
005 20230906193517.0
007 t|
008 070620s1912 sp ||||1| spa d
100 1 _aTestor Gómez, Carlos.
_9109839
245 1 0 _aAlcoholismo y embriaguez en el derecho penal
_b: memoria presentada para aspirar al grado de doctor en derecho y ciencias sociales /
_cpor Carlos Testor Gómez.
260 _aValencia :
_b[s.n.],
_c1912 (
_fTip. A. Jordá)
300 _a59 p. ;
_c20 cm.
502 _aTesis doctoral.
852 _aES-MaACL
_jT-1464-F-7
999 _c129483
_d129483